History Quiz

Random History or War Quiz

Australian Military Opperations Quiz Stats

 Plays Quiz not verified by Sporcle

Score 0/13 Timer 06:00
0 Plays Today
Year/s Conflict Name % Correct
1939-1945Second World War
98.4%
1914-1918First World War
96.8%
1962-1975Vietnam War
95.2%
1950-PresentKorean war
91.9%
1899-1902South African War
66.1%
1990-1991First Gulf War
66.1%
1947-PresentPeace Keeping
50%
1900-1901Boxer Rebellion
40.3%
1963-1966Indonesian Confrontation
35.5%
1946-1951Occupation of Japan
25.8%
1950-1960Malayan Emergency
19.4%
1885Sudan
12.9%
1788-1901Colonial period
11.3%

You're not logged in!

Compare scores with friends on all Sporcle quizzes.
OR
Log In

Show Comments

Extras

Top Quizzes Today


Score Distribution

Your Account Isn't Verified!

In order to create a playlist on Sporcle, you need to verify the email address you used during registration. Go to your Sporcle Settings to finish the process.

Report this User

Report this user for behavior that violates our Community Guidelines.

Details: